00757nam a22002297a 4500003000400000005001700004008004100021020001500062040003000077050002400107100004400131245002700175250001100202260004800213300002300261650001600284650003700300650003200337942001500369952012600384999001700510OSt20240530110416.0240530b |||||||| |||| 00| 0 eng d a0521370957 cChuka University Library  aTK 7815 b.H67 1989 aHorowitz, Paul and Winfield Hill914897 aThe art of electronics a2nd ed aCambridgebCambridge University Pressc1989 a1125pbIllustrated aElectronics aElectronic circuit design914898 aElectronic equipment914899 2lcccBKn0 00102lcc40708LGLaCHKbCHKcGENd2024-05-30l0oTK 7815 .H67 1989p23349/2024r2024-05-30 00:00:00t1w2024-05-30yBK c16562d16562